000 01339cam a22003371 4500
008 131020s1992 fr 000 0 fre d
020 _a2724261801 (v.1)
020 _a272426181X (v.2)
040 _aEG-GiCUC
_bfre
_cEG-GiCUC
092 0 4 _a841.008014
_bP8555
_221
099 _a04
_a841.008014 P8555
245 0 3 _aLa Poésie Romantique /
_cSous La Direction De Jean Orizet, Présenté Par Serge Baudiffier.
260 _aParis:
_bFrance Loisirs,
_c1992.
300 _a2 v.;
_c24 cm.
490 1 _aLa bibliotheq̀ue de poe{u00B4}sie France loisirs;
_vT 5-6
500 _aNotice et cote du catalogue de la Bibliotheque nationale de France.
505 1 _av.1 La poe{u00B4}sie romantique.; v.2 La poe{u00B4}sie romantique., Victor Hugo.
600 1 0 _aHugo, Franco̧is-Victor,
_d 1828-1873
_xCriticism and interpretation.
600 1 0 _aHugo, Franco̧is-Victor,
_d 1828-1873
_xRomanticism.
650 0 _aFrench poetry
_xAntology.
650 0 _aFrench poetry
_y19th century
_xHistory and criticism.
650 0 _aRomanticism
_zFrance
_vPoetry
_xAntology.
700 1 _aBaudiffier, Serge.
700 1 _aOrizet, Jean.
830 3 _aLa bibliotheq̀ue de poe{u00B4}sie France loisirs;
_vT5-6
902 _a1
905 _aEman
_eRev.
905 _aJamal
_eCat.
942 _2ddc
_cBK
999 _c130559
_d130559